000 00979nam a2200289 i 4500
003 EG-GICUC
005 20260502102322.0
008 260502s1906 -ukab||fr|||| 001 0 eng d
040 _aEG-GiCUC
_beng
_cEG-GiCUC
_dEG-GiCUC
_erda
041 0 _aeng
082 0 4 _221
_a342.042
_bHO . H
092 0 4 _221
099 _aLaw1 08 342.042 HO . H 1906
100 1 _aHodgkin, Thomas
_eAuthor.
245 1 4 _aThe History Of England :
_nI,
_pFrom The Earliest Times To The Norman Conquest /
_bThomas Hodgkin, D.c.l., Litt.d.
264 1 _aLondon :
_bLongmans, Green, And Co,
_c1906.
300 _a508 pages :
_billustrations,
_c24 cm
336 _2rda content
_atext
337 _2rda media
_aComputer
338 _2rda carrier
_aOnline Resource
504 _aIncludes bibliographical references and index.
546 _aText in English
650 1 4 _aConstitutional law
856 4 0 _uhttps://fll.law.cu.edu.eg/fulltext/bks/B08-04910.pdf
905 _a48
942 _2ddc
_cBK
_e21
_n0
999 _c74772
_d74772